000 00392nam a22001697a 4500
005 20260401125228.0
008 160628b xxu||||| |||| 00| 0 eng d
020 _a81-7992-599-4
041 _aeng
082 _b808.51
100 _aDorothy Lynn and Jessica Sebsky
_98918
245 _aMastering Public Speaking
260 _bJaico
300 _a176
650 _aManagement
942 _cBK
999 _c4474
_d4473